| 000 | 01194nam a2200217 a 4500 | ||
|---|---|---|---|
| 001 | 000004478 | ||
| 005 | 20250829114600.0 | ||
| 008 | 090723s2001 cu a r 000 0 spa d | ||
| 020 | _a9591101724 | ||
| 040 |
_aDO-SdBNP _bspa _cBNPHU |
||
| 082 |
_a232.91 _bP853v |
||
| 100 | 1 |
_aPortuondo Zúñiga, Olga, _d1944- _913095 |
|
| 245 | 1 | 3 |
_aLa Virgen de la Caridad del Cobre : _bsímbolo de cubanía / _cOlga Portuondo Zúñiga ; prólogo Jorge Ibarra. |
| 260 |
_aSantiago de Cuba : _bOriente, _c2001. |
||
| 300 |
_a338 p. : _bil., retrs. ; _c20 cm. |
||
| 504 | _aBibliografía: p. 315-338. | ||
| 505 | 0 |
_aPrólogo / _rJorge Ibarra -- _tEste es trabajo para el historiador -- _tEl aborigen, el colonizador y la santísima virgen (1492-1598) _tUna ermita revela sus secretos (1599-1647) -- _tEl negrito de la Virgen (1648-1700) -- _tLa magia develada del santuario (1701-1780) -- _tVenerada tierra de cobre (1781-1829) -- _tLa Virgen dejó las ferias... (1830-1899) -- _tCachita la que honra Liborio (1900-1995) -- _tAnexos -- _tBibliografía. |
|
| 600 | 0 | 4 |
_aVIRGEN DE LA CARIDAD DEL COBRE _xCULTO _zCUBA _xHISTORIA _913096 |
| 600 | 0 | 4 |
_aVIRGEN MARÍA _xCULTO _zCUBA _913097 |
| 910 | _aValidado. Control de calidad EMS | ||
| 999 |
_c4287 _d4287 |
||